000 00814nam a2200253Ia 4500
003 GCL
005 20240530101922.0
008 140319s9999 xx 000 0 ara d
040 _aGCL /
_cGCL
082 0 4 _a327.11
_bم ش
100 1 _aالمركز الاعلامى الكويتى
245 1 0 _aشهادة القلم: ازمة الكويت فى عيون كتاب مصر /
_cالمركز الاعلامى الكويتى
260 _a[S.N] :
_bالمركز الاعلامى الكويتى
300 _a715 ص
650 0 4 _aالكويت
650 0 4 _aمصر
650 0 4 _aالعالم العربى
650 0 4 _aالاحوال السياسية
650 0 4 _aالعراق
650 0 4 _aمقالات ومحاضرات
650 0 4 _aالادباء
650 0 4 _aحرب الخليج
942 _2ddc
_cBK
999 _c28715
_d28715